| 000 | 00645nam a2200217 a 4500 | ||
|---|---|---|---|
| 001 | BRCA_7771 | ||
| 005 | 20190320210003.0 | ||
| 008 | 300913s1946----mx-a######---#000-0#spa-# | ||
| 041 | _aspa | ||
| 044 | _amx | ||
| 050 | 4 |
_aN910.P84 _b.S25 1946 |
|
| 100 | 1 |
_aSalazar Monroy, Meliton _919240 |
|
| 245 | 1 | 0 |
_aEl Museo Bello y sus tesoros artísticos _cSalazar Monroy. |
| 260 |
_aPuebla _bImpresos Lopez _c1946 |
||
| 300 |
_a1 v. (sin paginación) _bil., 29 láminas _c20 cm. |
||
| 500 | _aX8a | ||
| 610 | 2 | 4 |
_aMuseo Bello (Ciudad de Puebla) _919241 |
| 650 | 1 | 4 |
_aArte _vGalerías y museos _zPuebla (Ciudad) _919242 |
| 902 | _aGFM | ||
| 942 |
_2lcc _cB |
||
| 999 |
_c7445 _d7445 |
||